| 000 | 01260nam a2200301 a 4500 | ||
|---|---|---|---|
| 001 | ebr10700425 | ||
| 003 | CaPaEBR | ||
| 006 | m o u | ||
| 007 | cr cn||||||||| | ||
| 008 | 130524s2013 njua sb 001 0 eng d | ||
| 020 | _z9781118496329 | ||
| 020 | _z9781118748183 (e-book) | ||
| 040 |
_aCaPaEBR _cCaPaEBR |
||
| 035 | _a(OCoLC)845343995 | ||
| 050 | 1 | 4 |
_aTD195.G3 _bH65 2013eb |
| 082 | 0 | 4 |
_a622.338 _223 |
| 100 | 1 | _aHolloway, Michael D. | |
| 245 | 1 | 0 |
_aFracking _h[electronic resource] : _bthe operations and environmental consequences of hydraulic fracturing / _cMichael D. Holloway & Oliver Rudd. |
| 260 |
_aHoboken, N.J. : _bWiley ; _aSalem, Mass. : _bScrivener Pub., _c2013. |
||
| 300 |
_axv, 366 p. : _bill. (some col.) |
||
| 504 | _aIncludes bibliographical references and index. | ||
| 533 |
_aElectronic reproduction. _bPalo Alto, Calif. : _cebrary, _d2013. _nAvailable via World Wide Web. _nAccess may be limited to ebrary affiliated libraries. |
||
| 650 | 0 |
_aHydraulic fracturing _xEnvironmental aspects. |
|
| 655 | 7 |
_aElectronic books. _2local |
|
| 700 | 1 | _aRudd, Oliver. | |
| 710 | 2 | _aebrary, Inc. | |
| 856 | 4 | 0 |
_uhttp://site.ebrary.com/lib/rucke/Doc?id=10700425 _zAn electronic book accessible through the World Wide Web; click to view |
| 999 |
_c21934 _d21934 |
||